[Event "Nuremberg Zabo op 23rd"]
[Site "Nuremberg"]
[Date "2023.09.16"]
[Round "3"]
[White "Albayrak, Aylin"]
[Black "Vogiatzis, Dimitrios"]
[Result "0-1"]
[WhiteElo "1616"]
[BlackElo "1987"]
[PlyCount "58"]
[EventDate "2023.09.15"]
[EventType "swiss"]
[EventRounds "5"]
[EventCountry "GER"]
[SourceTitle "EXT 2024"]
[Source "ChessBase"]
[SourceDate "2023.10.10"]
[SourceVersion "1"]
[SourceVersionDate "2023.10.10"]
[SourceQuality "1"]

1. d4 f5 2. c4 Nf6 3. Nc3 e6 4. g3 d5 5. Bg2 c6 6. cxd5 exd5 7. Nf3 Bd6 8. Bg5 0-0 9. 0-0 Qe8 10. Re1 Ne4 11. Qb3 Kh8 12. Rad1 Nd7 13. Bh4 h6 14. Nxe4 fxe4 15. Nd2 g5 16. Bxg5 hxg5 17. Qe3 Qg6 18. f3 Nf6 19. fxe4 dxe4 20. Nxe4 Nxe4 21. Bxe4 Bf5 22. Bg2 Rae8 23. Qc3 Be4 24. e3 Bxg2 25. Kxg2 Qe4+ 26. Kg1 Rf3 27. Rd3 Bxg3 28. Re2 Ref8 29. Rd1 Rf2 0-1

[Event "Mittelfranken-chTB2b 1920"]
[Site "Mittelfranken"]
[Date "2020.02.02"]
[Round "5.1"]
[White "Vogiatzis, Dimitrios"]
[Black "Hollederer, Manfred"]
[Result "1-0"]
[WhiteElo "1921"]
[BlackElo "1836"]
[PlyCount "85"]
[EventDate "2019.10.13"]
[EventType "team-tourn"]
[EventRounds "9"]
[EventCountry "GER"]
[SourceTitle "EXT 2023"]
[Source "ChessBase"]
[SourceDate "2022.10.05"]
[SourceVersion "1"]
[SourceVersionDate "2022.10.05"]
[SourceQuality "1"]
[WhiteTeam "Nuernberg NT IV"]
[BlackTeam "Nuernberg Anderssen"]
[WhiteTeamCountry "GER"]
[BlackTeamCountry "GER"]

1. e4 c5 2. b4 cxb4 3. a3 e6 4. axb4 Bxb4 5. c3 Be7 6. d4 d5 7. e5 Nc6 8. Bd3 g6 9. Nf3 h5 10. h4 Nh6 11. Ng5 Nf5 12. g3 0-0 13. Nh3 Kg7 14. Nf4 Rh8 15. Na3 Bd7 16. Nc2 Rc8 17. Ne3 Be8 18. Bd2 Nxe3 19. fxe3 Qd7 20. 0-0 f5 21. exf6+ Bxf6 22. e4 dxe4 23. Bxe4 Bf7 24. Qf3 Qe7 25. Rae1 Nxd4 26. cxd4 Bxd4+ 27. Kh1 e5 28. Nxg6 Bxg6 29. Bxg6 Rcf8 30. Qe4 Qc7 31. Bxh5 Qc6 32. Bf3 Qxe4 33. Bxe4 Rf2 34. Rxf2 Bxf2 35. Rb1 b6 36. Kg2 Bd4 37. Rc1 Bc5 38. Rf1 Rf8 39. Bg5 Rxf1 40. Kxf1 a5 41. h5 Kf7 42. Bd5+ Kg7 43. h6+ 1-0

[Event "Mittelfranken Mitte-ch"]
[Site "Nuremberg"]
[Date "2020.01.05"]
[Round "5.8"]
[White "Wettermann, Bernd"]
[Black "Vogiatzis, Dimitrios"]
[Result "0-1"]
[WhiteElo "1760"]
[BlackElo "2085"]
[PlyCount "80"]
[EventDate "2020.01.03"]
[EventType "swiss"]
[EventRounds "7"]
[EventCountry "GER"]
[SourceTitle "EXT 2023"]
[Source "ChessBase"]
[SourceDate "2022.10.05"]
[SourceVersion "1"]
[SourceVersionDate "2022.10.05"]
[SourceQuality "1"]

1. e4 e5 2. Nf3 d5 3. exd5 Bd6 4. Nc3 Nf6 5. d3 h6 6. Be3 0-0 7. Be2 Re8 8. 0-0 Nbd7 9. Qd2 Nb6 10. Bxb6 axb6 11. a3 Bf8 12. h3 Nxd5 13. Nxd5 Qxd5 14. Qc3 c6 15. Rae1 Bd7 16. d4 e4 17. Ne5 b5 18. f3 e3 19. Bd1 Rxe5 20. dxe5 Bc5 21. Be2 Bd4 22. Qd3 Bxb2 23. f4 Rxa3 24. Qxd5 cxd5 25. Rb1 Ra2 26. Rfd1 Bc6 27. Kf1 d4 28. g4 Bc3 29. Bd3 Kf8 30. h4 Ke7 31. Ke2 b4 32. g5 hxg5 33. hxg5 Bd5 34. f5 b3 35. Rg1 bxc2 36. Rbc1 Bb3 37. g6 f6 38. e6 Bd2 39. Ra1 c1Q 40. Rgxc1 Bxc1+ 0-1

[Event "Landesliga Nord 1920"]
[Site "Bayern"]
[Date "2019.11.24"]
[Round "3.7"]
[White "Vogiatzis, Dimitrios"]
[Black "Muehling, Werner"]
[Result "0-1"]
[WhiteElo "1918"]
[BlackElo "2052"]
[PlyCount "104"]
[EventDate "2019.09.29"]
[EventType "team-tourn"]
[EventRounds "9"]
[EventCountry "GER"]
[SourceTitle "EXT 2021"]
[Source "ChessBase"]
[SourceDate "2020.10.23"]
[SourceVersion "1"]
[SourceVersionDate "2020.10.23"]
[SourceQuality "1"]
[WhiteTeam "Nuernberg NT II"]
[BlackTeam "Schwandorf"]
[WhiteTeamCountry "GER"]
[BlackTeamCountry "GER"]

1. e4 e5 2. Nf3 Nc6 3. Bc4 Bc5 4. b4 Bxb4 5. c3 Ba5 6. 0-0 Nf6 7. d4 0-0 8. d5 Ne7 9. Re1 d6 10. h3 Ng6 11. Bf1 Nd7 12. Bg5 f6 13. Bd2 a6 14. a4 Nc5 15. Na3 Bb6 16. Nc4 Ba7 17. Nb2 f5 18. exf5 Bxf5 19. Be3 Qf6 20. Nd2 Nd7 21. Bxa7 Rxa7 22. f3 Nc5 23. Qe2 Nf4 24. Qf2 Raa8 25. c4 a5 26. Kh2 b6 27. Ra3 Qg6 28. Rae3 Bd7 29. Ne4 Nxa4 30. Nxa4 Bxa4 31. g3 Nh5 32. Bd3 Bd7 33. Bb1 Qe8 34. g4 Nf6 35. Ng3 Bxg4 36. Qc2 Bh5 37. f4 Bg6 38. f5 Bf7 39. Rg1 Kh8 40. Qg2 Rg8 41. Ne4 Nxe4 42. Qxe4 g6 43. Qh4 Qd8 44. f6 Qd7 45. Re4 Be8 46. Reg4 a4 47. Qf2 Qf7 48. Bxg6 Rxg6 49. Rxg6 hxg6 50. Rg4 Bd7 51. Rh4+ Kg8 52. Rh6 Rf8 0-1

[Event "Nuremberg op"]
[Site "Nuremberg"]
[Date "2019.11.16"]
[Round "2"]
[White "Vogiatzis, Dimitrios"]
[Black "Koellner, Ulrich"]
[Result "1-0"]
[WhiteElo "1957"]
[BlackElo "1697"]
[PlyCount "49"]
[EventDate "2019.11.15"]
[EventType "swiss"]
[EventRounds "5"]
[EventCountry "GER"]
[SourceTitle "CBM 193 Extra"]
[Source "ChessBase"]
[SourceDate "2020.01.31"]
[SourceVersion "1"]
[SourceVersionDate "2020.01.31"]
[SourceQuality "1"]

1. e4 c6 2. Nf3 d5 3. exd5 cxd5 4. Ne5 Nf6 5. d4 e6 6. c3 Be7 7. Bd3 0-0 8. 0-0 Nc6 9. Qe2 a6 10. f4 g6 11. Nd2 Ne8 12. Ndf3 Bf6 13. Be3 Bg7 14. Bf2 Nxe5 15. dxe5 Nc7 16. Bc5 Re8 17. a4 Bd7 18. Bb6 Qc8 19. Qf2 Bf8 20. Qh4 Kg7 21. Ng5 h6 22. Nxf7 Kxf7 23. Qf6+ Kg8 24. Qxg6+ Bg7 25. Bc5 1-0

[Event "Landesliga Nord 1819"]
[Site "Bayern"]
[Date "2018.12.16"]
[Round "4.8"]
[White "Vogiatzis, Dimitrios"]
[Black "Neubauer, Jaroslaus"]
[Result "1-0"]
[WhiteElo "1952"]
[BlackElo "1887"]
[PlyCount "119"]
[EventDate "2018.10.21"]
[EventType "team-tourn"]
[EventRounds "9"]
[EventCountry "GER"]
[SourceTitle "EXT 2022"]
[Source "ChessBase"]
[SourceDate "2021.10.06"]
[SourceVersion "1"]
[SourceVersionDate "2021.10.06"]
[SourceQuality "1"]
[WhiteTeam "Nuernberg NT II"]
[BlackTeam "Schweinfurt"]
[WhiteTeamCountry "GER"]
[BlackTeamCountry "GER"]

1. b3 e5 2. Bb2 Nc6 3. e3 Nf6 4. Nf3 d6 5. g3 Be7 6. Bg2 0-0 7. d3 Bg4 8. h3 Be6 9. 0-0 Qd7 10. Ng5 Bf5 11. g4 Bg6 12. f4 h5 13. f5 Ne8 14. Ne4 Bh7 15. Qf3 hxg4 16. hxg4 Nf6 17. Nbc3 g6 18. Qh3 gxf5 19. gxf5 Kh8 20. Ng5 Rg8 21. Nxf7+ Kg7 22. Ng5 Rh8 23. Ne6+ Kf7 24. Ne4 Rag8 25. N6g5+ Ke8 26. Qf3 d5 27. Nxf6+ Bxf6 28. Ne6 e4 29. dxe4 Bxb2 30. Rad1 Ne7 31. Qf4 Qd6 32. Nxc7+ Kd7 33. Nxd5 Qxf4 34. exf4 Nxd5 35. Rxd5+ Kc8 36. Kf2 Rd8 37. Rfd1 Rxd5 38. Rxd5 Rd8 39. c4 Rxd5 40. cxd5 Bc1 41. Kg3 Kd8 42. Kg4 Ke7 43. e5 b6 44. Kg5 Bg8 45. Be4 Ba3 46. f6+ Kf8 47. Bf3 Bc5 48. d6 b5 49. Bc6 b4 50. Kf5 a5 51. d7 Bb6 52. e6 Bxe6+ 53. Kxe6 Bc7 54. f5 Bd8 55. Bf3 Bc7 56. Bh5 Bd8 57. Kd6 Bb6 58. Kc6 Bd8 59. Kb7 Bxf6 60. Kc8 1-0

[Event "Mittelfranken-chTB2b 1819"]
[Site "Mittelfranken"]
[Date "2018.10.14"]
[Round "1.2"]
[White "Beesk, Kevin"]
[Black "Vogiatzis, Dimitrios"]
[Result "1-0"]
[WhiteElo "2009"]
[BlackElo "1952"]
[PlyCount "53"]
[EventDate "2018.10.14"]
[EventType "team-tourn"]
[EventRounds "9"]
[EventCountry "GER"]
[SourceTitle "EXT 2022"]
[Source "ChessBase"]
[SourceDate "2021.10.06"]
[SourceVersion "1"]
[SourceVersionDate "2021.10.06"]
[SourceQuality "1"]
[WhiteTeam "Neumarkt"]
[BlackTeam "Nuernberg Noris Tarrasch IV"]
[WhiteTeamCountry "GER"]
[BlackTeamCountry "GER"]

1. e4 e5 2. Nf3 Nc6 3. Bc4 Bc5 4. c3 Nf6 5. d3 d6 6. Bb3 0-0 7. Nbd2 Be6 8. h3 a6 9. Nf1 b5 10. Ng3 h6 11. 0-0 Bxb3 12. axb3 d5 13. Qe2 d4 14. Nh4 Kh7 15. Nhf5 Ng8 16. Nxg7 Qf6 17. N7f5 Qg6 18. Nh4 Qf6 19. Ngf5 Rfd8 20. Kh2 Nce7 21. g4 Nxf5 22. Nxf5 Qg6 23. Rg1 f6 24. h4 Bf8 25. g5 fxg5 26. hxg5 h5 27. Nh4 1-0

[Event "Nuremberg Zabo op 20th"]
[Site "Nuremberg"]
[Date "2018.09.16"]
[Round "4"]
[White "Hacker, Jonas"]
[Black "Vogiatzis, Dimitrios"]
[Result "1-0"]
[WhiteElo "2334"]
[BlackElo "1927"]
[PlyCount "79"]
[EventDate "2018.09.15"]
[EventType "swiss"]
[EventRounds "5"]
[EventCountry "GER"]
[SourceTitle "EXT 2020"]
[Source "ChessBase"]
[SourceDate "2019.10.17"]
[SourceVersion "1"]
[SourceVersionDate "2019.10.17"]
[SourceQuality "1"]

1. e4 e5 2. Nf3 Nc6 3. Bb5 g6 4. c3 d6 5. d4 Bd7 6. 0-0 Bg7 7. d5 Nb8 8. Bxd7+ Nxd7 9. c4 Ngf6 10. Nc3 0-0 11. Be3 b6 12. b4 Nh5 13. Rc1 Qe7 14. Ne1 h6 15. Nd3 Qh4 16. f3 f5 17. g3 Qe7 18. Bf2 f4 19. g4 Nhf6 20. Nb5 Rfc8 21. c5 a6 22. cxd6 cxd6 23. Nc7 Ra7 24. Nxa6 Rca8 25. Nc7 Rb8 26. Rc2 Nf8 27. Nb5 Rab7 28. Rc6 Ne8 29. Nb2 Qd7 30. Nc4 Nh7 31. Ncxd6 Nxd6 32. Nxd6 Ra7 33. a4 Nf6 34. Nb5 Rab7 35. h3 h5 36. Bh4 Rf8 37. Qc2 hxg4 38. Rd6 Qf7 39. hxg4 Ne8 40. Re6 1-0

[Event "Mittelfranken-ch HT"]
[Site "Nuremberg"]
[Date "2015.04.02"]
[Round "6"]
[White "Vogiatzis, Dimitrios"]
[Black "Rausch, Wolfgang"]
[Result "1/2-1/2"]
[WhiteElo "2086"]
[BlackElo "2138"]
[PlyCount "39"]
[EventDate "2015.03.31"]
[EventType "swiss"]
[EventRounds "9"]
[EventCountry "GER"]
[SourceTitle "EXT 2016"]
[Source "ChessBase"]
[SourceDate "2015.10.08"]
[SourceVersion "1"]
[SourceVersionDate "2015.10.08"]
[SourceQuality "1"]

1. d4 Nf6 2. e3 d5 3. f4 Bg4 4. Nf3 Nbd7 5. c3 e6 6. Be2 Ne4 7. 0-0 f5 8. Nbd2 Nxd2 9. Bxd2 Be7 10. c4 c6 11. a3 Bxf3 12. gxf3 0-0 13. Qc2 Rf6 14. c5 Qe8 15. Kh1 Qh5 16. Rf2 Rg6 17. Rg1 Nf8 18. Rfg2 Rd8 19. Be1 Rd7 20. b4 1/2-1/2